01330nam a22003015a 450000500170000000800410001702000150005802000180007304000380009108200210012910000290015024500830017925000430026226000500030530000330035550000240038850400420041265000640045465000500051865000310056865100100059965300530060970000280066294200210069099900170071195201560072895201440088420201128021326.0080822t2014 enka frb 001 0 eng d a1292039604 a9781292039602 aEG-ScBUEbengcEG-ScBUEdEG-ScBUE04a005.117bASH2221 aAshrafi, Noushin.93488110aObject oriented system analysis and design /cNoushin Ashrafi, Hessam Ashrafi. a1st ed., Pearson new international ed. aHarlow :bPearson Education Limited,cc.2014. aii, 631 p. :bill. ;c26 cm. aIndex : p. 621-631. aIncludes bibliographical references.  7aObject-oriented programming (Computer science)926582BUEsh 7aComputer softwarexDevelopment.9115352BUEsh 7aSystem design.97332BUEsh 2BUEsh bCOMSCIcJanuary2014cSeptember2015cNovember20161 aAshrafi, Hessam.934882 2ddck005.117 ASH c19835d19807 00102ddc40708AlahramaMAINbMAINcLOWd2015-06-24ePurchaseg295.00h319l1m5o005.117 ASHp000038688r2025-07-15 00:00:00s2023-02-07v368.75yBB 00102ddc40708BaccahaMAINbMAINcLOWd2016-11-22ePurchaseg275.00h2000088l0o005.117 ASHp000034981r2025-07-15 00:00:00v343.75yBB